000 00386cam a22001337a 4500
008 180718bss19 xxu||||| |||| 00| 0 eng d
082 _ap.N1219 St
100 _aStern, Frederick Martin
245 _aCitizen army: key to defense in the atomic age
_cby Frederick Martin Stern
260 _aNew York
_bSt. Martinメs Pre
_css19
300 _a57373
650 _aArmi
650 _a45Militia
999 _c436514
_d436514